El bolchevismo y su obra. Traducción y prólogo de N. Tasin
Збережено в:
| Автор: | |
|---|---|
| Формат: | Книга |
| Мова: | Іспанська |
| Опубліковано: |
Madrid
Biblioteca Nueva
1921
|
| Редагування: | 1a. ed |
| Предмети: | |
| Теги: |
Додати тег
Немає тегів, Будьте першим, хто поставить тег для цього запису!
|
MARC
| LEADER | 00000nam a2200000 a 4500 | ||
|---|---|---|---|
| 001 | UCJ6930 | ||
| 003 | CL-VaPUC | ||
| 008 | 070124e19210000SP |||||||||||||||||spa|d | ||
| 082 | 0 | 4 | |a 957.4 |b KER |2 21 |
| 100 | 0 | |a Kerensky, Alejandro |e author |9 514578 | |
| 245 | 1 | 3 | |a El bolchevismo y su obra. Traducción y prólogo de N. Tasin |
| 250 | |a 1a. ed | ||
| 300 | |a 242 p | ||
| 942 | |c BK | ||
| 945 | |d 20070124 00:00:00 |a rinostro | ||
| 260 | |a Madrid |b Biblioteca Nueva |c 1921 | ||
| 650 | 7 | |a GUERRAS CIVILES |2 CL-VaPUC |9 361938 | |
| 650 | 7 | |a GUERRA MUNDIAL I |2 CL-VaPUC |9 399774 | |
| 650 | 0 | |a Comunismo |9 255588 | |
| 650 | 7 | |a REVOLUCION BOLCHEVIQUE |2 CL-VaPUC |9 444156 | |
| 650 | 7 | |a CRIMENES POLITICOS |2 CL-VaPUC |9 319844 | |
| 650 | 7 | |a TERROR |2 CL-VaPUC |9 505575 | |
| 651 | 0 | |a Rusia |9 256106 | |
| 583 | |a last modification |c 20070124 00:00:00 |k Rodrigo Vera | ||
| 999 | |c 323032 |d 323030 | ||
| 952 | |0 0 |1 0 |4 0 |6 957_400000000000000_KER_1921 |7 0 |8 X |9 402264 |a FDOBUD |b FDOBUD |d 2019-11-22 |i 1055100 |o 957.4 KER 1921 |p 1055100 |r 2019-11-22 |w 2019-11-22 |y BK_X |k BUD | ||